MARC

LEADER 00000nam0a2200000 4500
001 266766
005 20231101234029.0
020 |a RU  |b 87-4720 
035 |a (RuTPU)RU\TPU\book\289786 
090 |a 266766 
100 |a 20140715d1987 k y0rusy5003 ca 
101 0 |a rus 
102 |a RU 
105 |a y z 000zy 
200 1 |a Формы и методы управления НТП  |f Академия наук СССР (АН СССР), Институт экономики (ИЭ) ; П. А. Седлова 
210 |a Москва  |c Наука  |d 1987 
215 |a 152 с. 
606 1 |a Наука  |x Организация  |y В СССР  |y России  |2 stltpush  |3 (RuTPU)RU\TPU\subj\45079  |9 64341 
606 1 |a Научно-технический прогресс  |y СССР  |y Россия  |2 stltpush  |3 (RuTPU)RU\TPU\subj\36489  |9 57849 
610 1 |a управление 
610 1 |a технический прогрес 
610 1 |a Чехословацкая Социалистическая Республика 
610 1 |a НТП 
610 1 |a формы 
610 1 |a методы 
610 1 |a хозрасчет 
610 1 |a научно-техническое сотрудничество 
686 |a Ч214(2)  |2 rubbk 
686 |a У9(2)0-551  |v LBC/SL-A  |2 rubbk 
702 1 |a Седлов  |b П. А.  |g Павел Алексеевич  |4 070 
712 0 2 |a Академия наук СССР (АН СССР)  |b Институт экономики (ИЭ)  |c (Москва)  |2 stltpush  |3 (RuTPU)RU\TPU\col\11342 
801 0 |a RU  |b RuMRKP  |c 19960705  |g psbo 
801 1 |a RU  |b 63413507  |c 20140715 
801 2 |a RU  |b 63413507  |c 20170217  |g RCR 
942 |c BK